| 000 | 01002nam a2200229 i 4500 | ||
|---|---|---|---|
| 001 | 69201 | ||
| 003 | ES-MaACL | ||
| 005 | 20250725062534.0 | ||
| 007 | t| | ||
| 008 | 040917s1888 sp |||| | spa d | ||
| 100 | 1 |
_aGonzález Martí, Ignacio. _958786 |
|
| 245 | 1 | 0 |
_aRelación entre las fuerzas naturales _b: memoria leída en el Ateneo de Madrid / _cpor D.Ignacio González Martí, secretario primero de la Sección de Ciencias Exactas, Físicas y Naturales, en el curso de 1887-88. |
| 260 |
_aMadrid : _b[s.n.], _c1888 ( _fTip. de Manuel G. Hernández) |
||
| 300 |
_a34 p. ; _c20 cm. |
||
| 610 | 2 | 4 |
_aAteneo de Madrid- _vObras digitalizadas. _91930 |
| 610 | 2 | 4 |
_aAteneo de Madrid. _bSección de Ciencias Exactas, Físicas y Naturales- _vMemorias. _91979 |
| 650 | 0 | 7 |
_aFísica _2embne _912877 |
| 710 | 2 |
_aAteneo de Madrid. _91875 |
|
| 852 |
_aES-MaACL _jT-468-F-12 |
||
| 856 |
_uhttp://www.ateneodemadrid.com/biblioteca_digital/folletos/Folletos-0197.pdf _zVer documento |
||
| 999 |
_c69201 _d69201 |
||